| LEADER |
02035nam0a2200229 450 |
| 001 |
16820992 |
| 010 |
|
|
|a 978-2-35674-036-6
|b rel.
|d 19,5
|
| 100 |
|
|
|a 20150112d2026 u u0frey01 ba
|
| 101 |
0 |
|
|a fre
|
| 102 |
|
|
|a FR
|
| 200 |
0 |
|
|a Entre les lignes
|f textes, dessins et couleurs, Maël
|g archives et mise en pages, Vincent Odin
|
| 207 |
|
1 |
|a
|
| 210 |
|
|
|a Paris
|c Editions Daniel Maghen
|d DL 2014
|
| 215 |
|
|
|a 1 vol. (109 p.)
|c ill. en coul.
|d 31 cm
|
| 330 |
|
|
|a Juillet 1918. Le lieutenant Marceau Lafougère est à la recherche de son régiment d infanterie, à proximité du village de Cramaille, en Picardie. A la veille de la deuxième bataille de la Marne, cet instituteur dans le civil arrive dans un village déserté, pousse la porte d une école abandonnée et se retrouve au milieu des cahiers et des livres laissés là comme en plein milieu d une leçon. Seul, épuisé par une longue marche et bouleversé de se retrouver après si longtemps dans une salle de classe qui ressemble à celle où il enseignait avant la guerre, le jeune soldat ouvre sa sacoche et en sort des photos, des lettres et ses cahiers d aspirant officier. Dans les pages de ces carnets sont détaillés, à la manière d une « leçon de choses », le fonctionnement et la manipulation des armes qu il a dû utiliser au cours de ces quatre dernières années... En fil rouge, la trajectoire et les archives d un soldat ayant réellement existé. Les documents originaux, photos, lettres, manuels d instruction, cartes d état-major... sont reproduits en fac-similé et jalonnent le livre pour accompagner, renforcer et éclairer les grandes aquarelles et les récits en bande dessinée imaginés par Maël.
|
| 606 |
0 |
|
|a Guerre mondiale (1914-1918)
|x Bandes dessinées
|y France
|
| 676 |
|
|
|a 940.309 2
|
| 700 |
|
0 |
|a Maël
|f 1976-....
|4 70
|
| 702 |
|
0 |
|a Odin
|b Vincent
|f 1969-....
|4 205
|
| 900 |
|
|
|a Bandes déssinées ADULTE
|
| 901 |
|
|
|a Accessible au prêt
|
| 995 |
|
|
|a Bibliothèque
|c Bibliothèque
|f 024015551
|h 024015551
|k BDA MAE
|o p
|q a
|r az
|e Bibliothèque
|